[Event "XXXIII Festival A"]
[Site "Arco ITA"]
[Date "2011.10.24"]
[Round "3"]
[White "Romanishin, Oleg M."]
[Black "Zucchelli, Massimo"]
[Result "1-0"]
[WhiteElo "2537"]
[BlackElo "2149"]
[PlyCount "127"]
[EventDate "2011.10.22"]

1. Nf3 d5 2. d4 Nf6 3. c4 c6 4. Nc3 dxc4 5. e3 b5 6. a4 Qb6 7. axb5 cxb5 8. b3
e6 9. bxc4 bxc4 10. Bxc4 Bb4 11. Bd2 O-O 12. O-O Bxc3 13. Bxc3 Bb7 14. Qe2 Nbd7
15. Ba5 Qc6 16. Rfc1 Rfc8 17. Qb2 Qe4 18. Bf1 Rxc1 19. Rxc1 Qd5 20. Qa3 h6 21.
Rc7 Rc8 22. Bc4 Qe4 23. Bd3 Qd5 24. Rxc8+ Bxc8 25. Be1 Qa8 26. Nd2 Bb7 27. f3
Nd5 28. e4 N5b6 29. Nb3 a6 30. Na5 Bc8 31. Qe7 Nf8 32. Qc7 Nbd7 33. Bg3 Nf6 34.
Be5 Bd7 35. Qb6 Qc8 36. Qc7 Qxc7 37. Bxc7 Bb5 38. Bc2 N8d7 39. Kf2 Ne8 40. Bg3
Kf8 41. Ke3 Nb6 42. Be1 Ke7 43. Bb4+ Kd7 44. Bf8 Nc8 45. h4 Ne7 46. h5 Ng8 47.
g4 Ngf6 48. Bd1 Nh7 49. Bb4 Nd6 50. Bc2 Ng5 51. f4 Nh3 52. e5 Ne8 53. Be4 g5
54. hxg6 fxg6 55. Bxg6 Nc7 56. Be4 Ke8 57. Nb7 Kf7 58. f5 Ng5 59. Nd6+ Kg8 60.
Nxb5 axb5 61. fxe6 Nxe4 62. Kxe4 Nxe6 63. d5 Nc7 64. e6 1-0

[Event "XXXIII Festival A"]
[Site "Arco ITA"]
[Date "2011.10.24"]
[Round "3"]
[White "Salati, Paolo"]
[Black "Riepma, Henk"]
[Result "0-1"]
[WhiteElo "1865"]
[BlackElo "2073"]
[PlyCount "54"]
[EventDate "2011.10.22"]

1. e4 d5 2. e5 Bf5 3. d4 e6 4. Nf3 c5 5. c3 Nc6 6. Bd3 Bg6 7. O-O Rc8 8. Bxg6
hxg6 9. Nbd2 g5 10. h3 Nh6 11. g4 f5 12. Nh2 Be7 13. Ndf3 fxg4 14. hxg4 Kd7 15.
dxc5 Bxc5 16. Nxg5 Nxe5 17. Qe2 Qf6 18. Qb5+ Rc6 19. Qxb7+ Rc7 20. Qb5+ Kc8 21.
Qa6+ Kd7 22. Qb5+ Kd8 23. Qe2 Nhf7 24. Nxf7+ Rxf7 25. Kg2 Qh4 26. Qxe5 Rxf2+
27. Rxf2 Qxf2+ 0-1

[Event "XXXIII Festival A"]
[Site "Arco ITA"]
[Date "2011.10.24"]
[Round "3"]
[White "Savarese, Vincenzo"]
[Black "Schaberg, Wolfgang"]
[Result "1/2-1/2"]
[WhiteElo "1805"]
[BlackElo "1880"]
[PlyCount "48"]
[EventDate "2011.10.22"]

1. e4 c5 2. c3 d5 3. exd5 Qxd5 4. d4 e5 5. Nf3 Nc6 6. dxe5 Qxd1+ 7. Kxd1 Bg4 8.
Be2 O-O-O+ 9. Bd2 Bxf3 10. gxf3 Nxe5 11. Kc2 f5 12. Na3 Nf6 13. Rad1 Be7 14.
Nc4 Nc6 15. h4 Rhe8 16. h5 Nd5 17. Bd3 Rf8 18. Rhg1 Rf7 19. Rde1 Bd6 20. Nxd6+
Rxd6 21. Bc4 Rfd7 22. Re5 Nd8 23. Bg5 Nf6 24. Bxf6 gxf6 1/2-1/2

[Event "XXXIII Festival A"]
[Site "Arco ITA"]
[Date "2011.10.24"]
[Round "3"]
[White "Sigillo, Carmelo"]
[Black "Mercandelli, Claudio"]
[Result "0-1"]
[WhiteElo "1773"]
[BlackElo "1907"]
[PlyCount "76"]
[EventDate "2011.10.22"]

1. e4 Nc6 2. Nf3 d6 3. d4 Nf6 4. Nc3 Bg4 5. Be3 e6 6. Bb5 a6 7. Bxc6+ bxc6 8.
Bg5 Be7 9. Qd3 h6 10. Bd2 Qb8 11. O-O Bxf3 12. gxf3 g5 13. d5 cxd5 14. exd5 e5
15. Qf5 Qc8 16. Qxc8+ Rxc8 17. Ne4 Nxd5 18. c4 Nf4 19. Bxf4 gxf4 20. Kg2 f5 21.
Nc3 Rg8+ 22. Kh3 Kd7 23. Rg1 Rg5 24. Rxg5 hxg5 25. Nd5 Rh8+ 26. Kg2 Bd8 27. b4
c6 28. Nc3 Bf6 29. Rc1 e4 30. fxe4 Bxc3 31. Rxc3 fxe4 32. a4 Rb8 33. Rb3 g4 34.
h3 gxh3+ 35. Kxh3 Ke6 36. Kg2 d5 37. c5 d4 38. Kf1 Kd5 0-1

[Event "XXXIII Festival A"]
[Site "Arco ITA"]
[Date "2011.10.24"]
[Round "3"]
[White "Stolfa, Rodolfo"]
[Black "Bottesi, Gianluca"]
[Result "1-0"]
[WhiteElo "1812"]
[BlackElo "1674"]
[PlyCount "49"]
[EventDate "2011.10.22"]

1. d4 d6 2. c4 e5 3. dxe5 dxe5 4. Qxd8+ Kxd8 5. Nf3 f6 6. e4 Be6 7. a3 a5 8.
Nc3 c6 9. Be3 Nd7 10. Be2 Bc5 11. O-O Bxe3 12. fxe3 Nh6 13. h3 Nf7 14. Rad1 Kc7
15. Rd2 Nd6 16. Rfd1 Rad8 17. Rxd6 g5 18. b4 axb4 19. axb4 g4 20. hxg4 Bxg4 21.
Nh4 Rhg8 22. Nf5 Bxf5 23. exf5 Rg5 24. Ne4 Rxf5 25. Bg4 1-0

[Event "XXXIII Festival A"]
[Site "Arco ITA"]
[Date "2011.10.24"]
[Round "3"]
[White "Sukaylo, Aleksey"]
[Black "Mastroddi, Emiliano"]
[Result "1/2-1/2"]
[WhiteElo "1884"]
[BlackElo "2097"]
[PlyCount "88"]
[EventDate "2011.10.22"]

1. e4 c5 2. Nf3 d6 3. d4 cxd4 4. Nxd4 Nf6 5. Nc3 g6 6. Be3 Bg7 7. f3 Nc6 8. Qd2
O-O 9. O-O-O Nxd4 10. Bxd4 Be6 11. Kb1 Qc7 12. Nd5 Bxd5 13. exd5 Rfc8 14. Rc1
a6 15. g4 b5 16. g5 Nh5 17. Bh3 Bxd4 18. Qxd4 Qc4 19. Rhd1 Rc5 20. b3 Qxd4 21.
Rxd4 Ra7 22. c4 Rac7 23. b4 Rxc4 24. Rcxc4 bxc4 25. Bf1 Rb7 26. Rxc4 a5 27. a3
axb4 28. Rxb4 Rxb4+ 29. axb4 Nf4 30. Bc4 Kf8 31. Kc2 Ke8 32. Kd2 Nh3 33. Ke3 f6
34. gxf6 exf6 35. f4 g5 36. fxg5 fxg5 37. Kf3 Nf4 38. Kg4 h6 39. Bb5+ Kd8 40.
Bc6 Kc7 41. h4 Kb6 42. hxg5 hxg5 43. Kxg5 Nxd5 44. Bxd5 Kb5 1/2-1/2

[Event "XXXIII Festival A"]
[Site "Arco ITA"]
[Date "2011.10.25"]
[Round "4"]
[White "Alagia, Pietro"]
[Black "Mulone, Gaspare"]
[Result "0-1"]
[WhiteElo "1763"]
[BlackElo "1628"]
[PlyCount "90"]
[EventDate "2011.10.22"]

1. d4 Nf6 2. c4 g6 3. Nc3 Bg7 4. Nf3 d5 5. Bf4 c6 6. Qa4 a6 7. c5 O-O 8. g3 b5
9. cxb6 Qxb6 10. Qa3 Re8 11. Bg2 Nbd7 12. O-O a5 13. Ne5 Nxe5 14. dxe5 Nd7 15.
Na4 Qb4 16. Rab1 Bxe5 17. Bxe5 Qxa3 18. bxa3 Nxe5 19. Nb6 Rb8 20. f4 Nd7 21.
Nxc8 Rexc8 22. e4 e6 23. f5 Rxb1 24. Rxb1 Rb8 25. Rc1 Rb6 26. fxe6 fxe6 27. Bh3
Kf7 28. exd5 cxd5 29. Rc2 Ke7 30. Kf2 Kd6 31. Kf3 e5 32. Kg4 h6 33. Bg2 Nf6+
34. Kf3 d4 35. Bf1 Rc6 36. Rb2 e4+ 37. Kf4 d3 38. Bg2 Rc2 39. Rb6+ Kc5 40. Rxf6
Rxg2 41. Kxe4 d2 42. Rf1 Kc4 43. Rd1 Kc3 44. Kd5 Kc2 45. Ra1 d1=Q+ 0-1

[Event "XXXIII Festival A"]
[Site "Arco ITA"]
[Date "2011.10.25"]
[Round "4"]
[White "Badano, Fabio"]
[Black "Savarese, Vincenzo"]
[Result "0-1"]
[WhiteElo "1741"]
[BlackElo "1805"]
[PlyCount "42"]
[EventDate "2011.10.22"]

1. e4 e6 2. d4 d5 3. Nc3 a6 4. Bd3 c5 5. dxc5 Bxc5 6. exd5 exd5 7. Nf3 Nf6 8.
O-O O-O 9. Bg5 Be6 10. Re1 Nbd7 11. Re2 Qc7 12. h3 Bxh3 13. Bxh7+ Kxh7 14. Qd3+
Kg8 15. gxh3 Qg3+ 16. Kf1 Qxh3+ 17. Kg1 Nh5 18. Be3 Qxf3 19. Nxd5 Ne5 20. Qb3
Qg4+ 21. Kf1 Nf3 0-1

[Event "XXXIII Festival A"]
[Site "Arco ITA"]
[Date "2011.10.25"]
[Round "4"]
[White "Beltrami, Nerio"]
[Black "De Eccher, Stefano"]
[Result "0-1"]
[WhiteElo "1961"]
[BlackElo "2259"]
[PlyCount "78"]
[EventDate "2011.10.22"]

1. e4 e5 2. Nf3 Nc6 3. Bb5 a6 4. Ba4 d6 5. d4 b5 6. Bb3 Nxd4 7. Nxd4 exd4 8. c3
d3 9. Qxd3 Bb7 10. Be3 Nf6 11. Nd2 Be7 12. f3 d5 13. e5 Nd7 14. f4 Bh4+ 15. Bf2
Bxf2+ 16. Kxf2 Nc5 17. Qg3 Qe7 18. Bc2 O-O 19. Rhe1 Rad8 20. Qe3 Qh4+ 21. Kg1
d4 22. cxd4 Ne6 23. Nb3 Qxf4 24. Qxf4 Nxf4 25. Be4 Bd5 26. Bxd5 Rxd5 27. Rad1
Rfd8 28. Re4 Ne6 29. Kf2 c5 30. Ke3 cxd4+ 31. Kd3 a5 32. Rc1 a4 33. Nd2 Nc5+
34. Rxc5 Rxc5 35. Nf3 a3 36. b3 Rc1 37. Rxd4 Rxd4+ 38. Nxd4 Rd1+ 39. Ke3 Ra1
0-1

[Event "XXXIII Festival A"]
[Site "Arco ITA"]
[Date "2011.10.25"]
[Round "4"]
[White "Bergen, Klaus"]
[Black "Ager, Josef"]
[Result "0-1"]
[WhiteElo "1954"]
[BlackElo "2190"]
[PlyCount "62"]
[EventDate "2011.10.22"]

1. e4 Nf6 2. e5 Nd5 3. c4 Nb6 4. c5 Nd5 5. Bc4 e6 6. d4 b6 7. cxb6 axb6 8. Nf3
Ba6 9. Bxa6 Nxa6 10. O-O Be7 11. Nc3 Nxc3 12. bxc3 O-O 13. Qe2 d5 14. Bf4 c5
15. Qb5 Qc7 16. Rab1 Rfb8 17. Rfc1 c4 18. a4 Nc5 19. Ne1 Nb3 20. Rxb3 cxb3 21.
Qxb3 Qc6 22. Qb5 Qxb5 23. axb5 Rc8 24. Bd2 Ra2 25. Nf3 Rb2 26. Kf1 Rxb5 27. Ke2
h6 28. Ra1 Ra5 29. Rb1 Ra6 30. g3 Kf8 31. h4 Ke8 0-1

[Event "XXXIII Festival A"]
[Site "Arco ITA"]
[Date "2011.10.25"]
[Round "4"]
[White "Bevilacqua, Maurizio"]
[Black "Casagrande, Fabio"]
[Result "1/2-1/2"]
[WhiteElo "2147"]
[BlackElo "1991"]
[PlyCount "75"]
[EventDate "2011.10.22"]

1. d4 Nf6 2. Nf3 e6 3. c4 Bb4+ 4. Nbd2 b6 5. a3 Bxd2+ 6. Qxd2 Ne4 7. Qc2 Bb7 8.
g3 f5 9. Bg2 O-O 10. O-O d5 11. b3 Nd7 12. Bb2 Rc8 13. Qd3 Qe7 14. Rad1 Rfd8
15. Qb1 a5 16. Qa2 Ba6 17. Rc1 a4 18. cxd5 exd5 19. bxa4 Bc4 20. Rxc4 dxc4 21.
Qxc4+ Kh8 22. Nh4 Nd2 23. Qc2 Nxf1 24. Nxf5 Qf7 25. Kxf1 Nf6 26. e4 Rd7 27. d5
Qg6 28. Bh3 Qh5 29. Kg2 Rf8 30. f3 Rdf7 31. Qd2 Re8 32. e5 Nxd5 33. Bg4 Qg6 34.
Qxd5 Rxf5 35. Bxf5 Qxf5 36. Qd4 Qc2+ 37. Kh3 Qf5+ 38. Kg2 1/2-1/2

[Event "XXXIII Festival A"]
[Site "Arco ITA"]
[Date "2011.10.25"]
[Round "4"]
[White "Bonanzinga, Corrado"]
[Black "Niccoli, Paolo"]
[Result "1/2-1/2"]
[WhiteElo "2136"]
[BlackElo "1943"]
[PlyCount "67"]
[EventDate "2011.10.22"]

1. d4 Nf6 2. c4 c5 3. d5 b5 4. cxb5 a6 5. bxa6 Bxa6 6. Nc3 g6 7. g3 d6 8. Bg2
Bg7 9. Nf3 O-O 10. O-O Nbd7 11. Rb1 Qa5 12. Bd2 Rfb8 13. b3 Ng4 14. Qc2 Rc8 15.
Bh3 h5 16. Nh4 c4 17. b4 Qa3 18. f3 Bd4+ 19. Kh1 Nge5 20. Bxd7 Nxd7 21. Nxg6
fxg6 22. Qxg6+ Bg7 23. Rb3 Nf8 24. Qxh5 cxb3 25. Ne4 Nh7 26. Qg6 Kh8 27. Ng5
Nxg5 28. Bxg5 bxa2 29. Qe6 a1=Q 30. Qh3+ Bh6 31. Qxh6+ Kg8 32. Qe6+ Kh7 33.
Qh6+ Kg8 34. Qe6+ 1/2-1/2

[Event "XXXIII Festival A"]
[Site "Arco ITA"]
[Date "2011.10.25"]
[Round "4"]
[White "Bondielli, Giorgio"]
[Black "De Sio, Francesco"]
[Result "1/2-1/2"]
[WhiteElo "1885"]
[BlackElo "1811"]
[PlyCount "92"]
[EventDate "2011.10.22"]

1. e4 c5 2. d4 cxd4 3. c3 dxc3 4. Nxc3 Nc6 5. Nf3 e6 6. Bc4 Qc7 7. Qe2 Nf6 8.
h3 d6 9. Bf4 a6 10. O-O Be7 11. Rac1 O-O 12. Bb3 Qa5 13. e5 dxe5 14. Nxe5 Nd4
15. Qe3 Nxb3 16. axb3 Bd7 17. Rfd1 Rfd8 18. Ne4 Nd5 19. Qf3 Be8 20. Nc4 Qb4 21.
Bd2 Qb5 22. Qg3 Nf6 23. Bc3 Rxd1+ 24. Rxd1 Qh5 25. Rd3 Qg6 26. Nxf6+ Bxf6 27.
Qxg6 hxg6 28. Bxf6 gxf6 29. f3 Bb5 30. Rd2 Kf8 31. Kf2 Ke7 32. Ke3 Rd8 33. Rxd8
Kxd8 34. Nd6 Bc6 35. Nxf7+ Ke7 36. Nh6 Bd5 37. b4 Bc4 38. Ng4 Bd5 39. Kd4 Bc6
40. Kc5 e5 41. Ne3 Ke6 42. Kc4 f5 43. Kd3 e4+ 44. fxe4 Bxe4+ 45. Kd4 Bc6 46. g3
Kf6 1/2-1/2

[Event "XXXIII Festival A"]
[Site "Arco ITA"]
[Date "2011.10.25"]
[Round "4"]
[White "Bortolotti, Silvano"]
[Black "Pretto, Aldo"]
[Result "1-0"]
[WhiteElo "1771"]
[BlackElo "1732"]
[PlyCount "27"]
[EventDate "2011.10.22"]

1. e4 e5 2. Nf3 d6 3. d4 exd4 4. Nxd4 Nf6 5. Nc3 Be7 6. Bd3 O-O 7. O-O Nbd7 8.
Nf5 Ne5 9. Nxe7+ Qxe7 10. Be2 c6 11. Bg5 h6 12. Bh4 Be6 13. f4 Ng6 14. Bxf6 1-0

[Event "XXXIII Festival A"]
[Site "Arco ITA"]
[Date "2011.10.25"]
[Round "4"]
[White "Bottesi, Gianluca"]
[Black "Sparber, Werner"]
[Result "1-0"]
[WhiteElo "1674"]
[BlackElo "1788"]
[PlyCount "43"]
[EventDate "2011.10.22"]

1. c4 e5 2. g3 Nf6 3. Bg2 Bc5 4. Nc3 O-O 5. e3 Nc6 6. Nge2 Re8 7. O-O e4 8. a3
a5 9. Qc2 Qe7 10. Nf4 Nb8 11. Nfd5 Nxd5 12. Nxd5 Qe5 13. f4 exf3 14. d4 Bxd4
15. Rxf3 Bc5 16. Rf5 Qd6 17. Bd2 c6 18. Raf1 cxd5 19. Bxd5 Rf8 20. Rxf7 Rxf7
21. Rxf7 Qg6 22. Rf6+ 1-0

[Event "XXXIII Festival A"]
[Site "Arco ITA"]
[Date "2011.10.25"]
[Round "4"]
[White "Buglisi, Massimo"]
[Black "Blasco, Domenico"]
[Result "1-0"]
[WhiteElo "1887"]
[BlackElo "1965"]
[PlyCount "83"]
[EventDate "2011.10.22"]

1. d4 g6 2. c4 Bg7 3. Nc3 d6 4. e4 e6 5. Be3 Ne7 6. Bd3 Nd7 7. Qd2 h6 8. f4 f5
9. e5 b6 10. Nf3 Bb7 11. O-O O-O 12. Be2 a6 13. Rab1 Qe8 14. b4 Rd8 15. Qc2
dxe5 16. dxe5 c5 17. bxc5 Bxf3 18. Bxf3 bxc5 19. Rfd1 g5 20. g3 Ng6 21. Bc6 Ne7
22. Ba4 gxf4 23. gxf4 Qg6+ 24. Qg2 Qxg2+ 25. Kxg2 Nxe5 26. fxe5 Bxe5 27. Bxc5
Rxd1 28. Nxd1 Bf6 29. Rb7 Kf7 30. Ne3 Rc8 31. Bd6 Rg8+ 32. Kf3 Rg5 33. c5 e5
34. Bxe7 Bxe7 35. Nd5 Ke6 36. Nxe7 e4+ 37. Kf2 f4 38. c6 f3 39. c7 Rg2+ 40. Kf1
Ke5 41. c8=Q Rxa2 42. Qc3+ 1-0

[Event "XXXIII Festival A"]
[Site "Arco ITA"]
[Date "2011.10.25"]
[Round "4"]
[White "Chiarion, Elisa"]
[Black "Cottarelli, Franco"]
[Result "1-0"]
[WhiteElo "2012"]
[BlackElo "1842"]
[PlyCount "35"]
[EventDate "2011.10.22"]

1. e4 c6 2. d4 d5 3. e5 Bf5 4. Nc3 e6 5. g4 Bg6 6. Nge2 Nd7 7. Nf4 Bb4 8. h4 f6
9. Nxe6 Qa5 10. Bd2 fxe5 11. a3 Bd6 12. Nb5 Qb6 13. Nxd6+ Ke7 14. Bb4 Kxe6 15.
h5 Be4 16. Nxe4 dxe4 17. Bc4+ Kf6 18. dxe5+ 1-0

[Event "XXXIII Festival A"]
[Site "Arco ITA"]
[Date "2011.10.25"]
[Round "4"]
[White "Ciola, Alberto"]
[Black "Mastroddi, Giuseppe"]
[Result "1-0"]
[WhiteElo "1915"]
[BlackElo "1710"]
[PlyCount "53"]
[EventDate "2011.10.22"]

1. d4 Nf6 2. c4 g6 3. Nc3 Bg7 4. e4 d6 5. f4 O-O 6. e5 dxe5 7. fxe5 Nfd7 8. Nf3
e6 9. Be2 c6 10. O-O Na6 11. Ne4 Nc7 12. b3 Qe7 13. a4 b6 14. Bb2 f5 15. exf6
Nxf6 16. Nxf6+ Bxf6 17. Ne5 Bxe5 18. dxe5 Bb7 19. Qd6 Rfe8 20. Rad1 c5 21. Bf3
Bxf3 22. Qxe7 Rxe7 23. Rxf3 Rae8 24. Bc1 h5 25. Bg5 Rf7 26. Rxf7 Kxf7 27. Rd7+
1-0

[Event "XXXIII Festival A"]
[Site "Arco ITA"]
[Date "2011.10.25"]
[Round "4"]
[White "Coqueraut, Lodewyk"]
[Black "Morselli, Stefano"]
[Result "0-1"]
[WhiteElo "1794"]
[BlackElo "1909"]
[PlyCount "120"]
[EventDate "2011.10.22"]

1. d4 Nf6 2. c4 e5 3. d5 g6 4. Nc3 Bg7 5. e4 d6 6. Bg5 h6 7. Bh4 Nbd7 8. f3 O-O
9. Bd3 a6 10. Nge2 Qe8 11. Qd2 Nc5 12. Bc2 b5 13. b4 Nb7 14. cxb5 axb5 15. Bb3
Nh5 16. Rc1 Ra6 17. O-O c5 18. dxc6 Rxc6 19. Nd5 Kh8 20. Rxc6 Qxc6 21. Rc1 Qe8
22. Kh1 g5 23. Bf2 Be6 24. Rc7 Qb8 25. Qc2 Rc8 26. Rxc8+ Qxc8 27. Qxc8+ Bxc8
28. Ne7 Bd7 29. Bxf7 Nf4 30. Nxf4 exf4 31. Bb6 Bf6 32. Bd5 Bxe7 33. Bxb7 Be6
34. Bd4+ Kg8 35. a3 Kf7 36. Kg1 Bf6 37. Bb6 Bb2 38. Bc6 Bxa3 39. Bxb5 Bxb4 40.
Kf2 Bc5+ 41. Bxc5 dxc5 42. Ke2 Ke7 43. Kd3 Kd6 44. Bc4 Bd7 45. Kc3 Ke5 46. Bd5
Bb5 47. Bc4 Bc6 48. Ba6 g4 49. Be2 g3 50. hxg3 fxg3 51. Kc4 Kd6 52. e5+ Kxe5
53. Kxc5 Bb7 54. Kb6 Bd5 55. Kc5 Be6 56. Bd3 h5 57. f4+ Kxf4 58. Kd4 h4 59. Bf1
Bc8 60. Kd5 Ke3 0-1

[Event "XXXIII Festival A"]
[Site "Arco ITA"]
[Date "2011.10.25"]
[Round "4"]
[White "Dalla Vecchia, Paolo"]
[Black "Mircoli, Filippo"]
[Result "1-0"]
[WhiteElo "1916"]
[BlackElo "1747"]
[PlyCount "37"]
[EventDate "2011.10.22"]

1. d4 e6 2. Nf3 Nf6 3. Bg5 Bb4+ 4. c3 Be7 5. Nbd2 d5 6. e3 c5 7. Bd3 Nc6 8. Qe2
O-O 9. O-O b6 10. e4 dxe4 11. Nxe4 cxd4 12. Nxf6+ Bxf6 13. Qe4 g6 14. Bxf6 Qxf6
15. Qxc6 Rb8 16. Nxd4 Rd8 17. Qf3 Qxf3 18. gxf3 Bb7 19. Be4 1-0

[Event "XXXIII Festival A"]
[Site "Arco ITA"]
[Date "2011.10.25"]
[Round "4"]
[White "De Polzer, Manfredi"]
[Black "Bisignano, Giuseppe"]
[Result "0-1"]
[WhiteElo "1706"]
[BlackElo "1908"]
[PlyCount "98"]
[EventDate "2011.10.22"]

1. d4 Nf6 2. c4 e6 3. Nc3 c5 4. d5 exd5 5. cxd5 d6 6. e4 g6 7. Bd3 Bg7 8. Nge2
O-O 9. Bg5 Nbd7 10. Qc1 Ne5 11. Bc2 Re8 12. O-O c4 13. Rb1 a6 14. f4 Qb6+ 15.
Kh1 Nd3 16. Bxd3 cxd3 17. Ng3 Ng4 18. h3 Qe3 19. Rf3 Nf2+ 20. Kh2 Qb6 21. Qf1
Bd4 22. Nh1 Nxh1 23. Kxh1 d2 24. Qd3 f5 25. e5 dxe5 26. Qxd2 e4 27. Rff1 Bd7
28. Rfd1 Bg7 29. d6 Qb5 30. Be7 Rac8 31. Qd5+ Qxd5 32. Nxd5 Rc6 33. a4 Kf7 34.
a5 Ke6 35. Nb6 Bf8 36. Bxf8 Rxf8 37. Kg1 Rd8 38. b4 Rxd6 39. Rxd6+ Kxd6 40.
Rd1+ Ke6 41. Rd5 Ke7 42. h4 Bc6 43. Re5+ Kf6 44. Rc5 Rd2 45. g3 e3 46. Nc4 Rg2+
47. Kf1 e2+ 48. Ke1 Bf3 49. Re5 Rg1+ 0-1

[Event "XXXIII Festival A"]
[Site "Arco ITA"]
[Date "2011.10.25"]
[Round "4"]
[White "De Santis, Alessio"]
[Black "Astengo, Corrado"]
[Result "1-0"]
[WhiteElo "2307"]
[BlackElo "2095"]
[PlyCount "133"]
[EventDate "2011.10.22"]

1. f4 d5 2. Nf3 Nf6 3. g3 c6 4. Bg2 Bf5 5. d3 h6 6. c3 Nbd7 7. Nh4 Bh7 8. f5 e6
9. O-O exf5 10. Nxf5 Bxf5 11. Rxf5 Be7 12. Nd2 Qb6+ 13. d4 O-O 14. e4 dxe4 15.
Nxe4 Rfe8 16. Qb3 Qxb3 17. axb3 Nxe4 18. Bxe4 Bf6 19. Bd3 a6 20. Rf1 Re7 21.
Bf4 Rae8 22. Kf2 Nb6 23. Rae1 Nd5 24. Bd2 Kf8 25. Rxe7 Rxe7 26. Re1 Rxe1 27.
Kxe1 a5 28. Bf5 Ke7 29. Ke2 b6 30. Kd3 Bg5 31. Be1 Bc1 32. Be4 Kd6 33. Kc2 Bg5
34. Bf3 f5 35. b4 axb4 36. c4 Ne3+ 37. Kd3 c5 38. h4 Bf6 39. dxc5+ bxc5 40.
Kxe3 Bxb2 41. Kd3 g5 42. Bd2 Be5 43. Be1 Ba1 44. h5 Be5 45. Bf2 Bf6 46. Bd1 Be7
47. Be3 Ke5 48. Bc1 Kf6 49. Bb2+ Kf7 50. Ke3 g4 51. Bc2 Ke6 52. Bg7 Bg5+ 53.
Kf2 Kf7 54. Be5 Ke6 55. Bb2 f4 56. Bg7 Kf7 57. Be5 f3 58. Bf5 Bf6 59. Bxf6 Kxf6
60. Bxg4 Ke5 61. Bxf3 Kd4 62. g4 b3 63. Bd1 Kxc4 64. g5 hxg5 65. h6 Kc3 66. h7
b2 67. h8=Q+ 1-0

[Event "XXXIII Festival A"]
[Site "Arco ITA"]
[Date "2011.10.25"]
[Round "4"]
[White "Del Nevo, Claudio"]
[Black "Nanni, Sergio"]
[Result "1-0"]
[WhiteElo "1831"]
[BlackElo "1688"]
[PlyCount "79"]
[EventDate "2011.10.22"]

1. d4 Nf6 2. Nf3 c5 3. c3 c4 4. Bg5 d5 5. Bxf6 gxf6 6. e3 Qd6 7. Qc2 f5 8. Be2
Nc6 9. Nbd2 Rg8 10. g3 a6 11. h4 b5 12. Ng5 h6 13. Nh3 b4 14. Bh5 a5 15. Nf3 e5
16. dxe5 Nxe5 17. Nxe5 Qxe5 18. Nf4 Bb7 19. Qa4+ Ke7 20. Qb5 Rb8 21. Qxa5 bxc3
22. bxc3 Bc6 23. Rd1 Rb5 24. Qa7+ Rb7 25. Qc5+ Kd7 26. Qd4 Bg7 27. Bxf7 Qe7 28.
Be6+ Kc7 29. Nxd5+ Bxd5 30. Qxd5 Bxc3+ 31. Kf1 Rd8 32. Qxc4+ Kb8 33. Rxd8+ Qxd8
34. Qxc3 Qe7 35. Qe5+ Ka7 36. Kg2 Rb6 37. Qd4 Qxe6 38. Rb1 Qc6+ 39. Kh2 Ka6 40.
Rxb6+ 1-0

[Event "XXXIII Festival A"]
[Site "Arco ITA"]
[Date "2011.10.25"]
[Round "4"]
[White "Falasca, Valerio"]
[Black "Coqueraut, Jean Dominique"]
[Result "0-1"]
[WhiteElo "1593"]
[BlackElo "1824"]
[PlyCount "128"]
[EventDate "2011.10.22"]

1. d4 d5 2. Nf3 Nf6 3. e3 Bf5 4. Bd3 Be4 5. Bxe4 Nxe4 6. Ne5 Nd7 7. f4 e6 8.
Qg4 Ndf6 9. Qe2 c6 10. Nd2 Be7 11. O-O Nxd2 12. Bxd2 O-O 13. c3 Ne4 14. Be1 c5
15. Qb5 Qc7 16. Qd7 Rac8 17. Qxc7 Rxc7 18. Bf2 Rfc8 19. dxc5 Bxc5 20. Nd3 Bb6
21. Rfe1 a5 22. a4 f6 23. Re2 Rc4 24. Kf1 g5 25. g3 g4 26. Kg2 h5 27. Be1 Nd6
28. b3 R4c7 29. Nb2 Kf7 30. Rc1 Nf5 31. Bd2 Nd6 32. Ree1 Ne4 33. Re2 Nxc3 34.
Bxc3 Rxc3 35. Rxc3 Rxc3 36. e4 dxe4 37. Nc4 Rxb3 38. Rxe4 Bc7 39. Rd4 Ke7 40.
Re4 f5 41. Re2 Rb4 42. Nb2 Bd6 43. h3 b6 44. h4 Bc5 45. Nd3 Rxa4 46. Nxc5 bxc5
47. Rc2 Kd6 48. Kf2 Ra3 49. Rd2+ Kc6 50. Re2 Rf3+ 51. Kg2 Kd5 52. Ra2 Rc3 53.
Rxa5 Kd4 54. Ra6 Rc2+ 55. Kf1 Ke3 56. Ra3+ Kd4 57. Ra6 Kd5 58. Ra5 Rb2 59. Ke1
Rg2 60. Ra3 c4 61. Kf1 Rb2 62. Re3 Rb6 63. Ke2 Kd4 64. Kd2 Rb2+ 0-1

[Event "XXXIII Festival A"]
[Site "Arco ITA"]
[Date "2011.10.25"]
[Round "4"]
[White "Fusari, Paolo"]
[Black "Aigner, Georg"]
[Result "0-1"]
[WhiteElo "1897"]
[BlackElo "1988"]
[PlyCount "76"]
[EventDate "2011.10.22"]

1. e4 c5 2. b4 cxb4 3. a3 d5 4. exd5 Qxd5 5. Nf3 e5 6. Be2 e4 7. c4 Qd8 8. Ne5
Qd4 9. Qa4+ Nd7 10. Nxf7 Kxf7 11. axb4 Nb6 12. Qa2 Nf6 13. Bb2 Qd8 14. Bc3 Be6
15. Qb3 Be7 16. Na3 Qc8 17. O-O Rf8 18. Rac1 Kg8 19. Qb2 Na4 20. Qc2 Nxc3 21.
Qxc3 Bg4 22. Rce1 Bxe2 23. Rxe2 Qd7 24. c5 Rad8 25. Nc4 Qd4 26. Qb3 Qd3 27.
Qxd3 Rxd3 28. f3 Rd4 29. Rc1 Rfd8 30. Rc3 Nd5 31. Rc1 Nxb4 32. fxe4 Bxc5 33.
Kh1 Nd3 34. Rc2 Rf8 35. g3 Rf2 36. Re3 Rd8 37. Rxd3 Rxd3 38. Ne5 Rdxd2 0-1

[Event "XXXIII Festival A"]
[Site "Arco ITA"]
[Date "2011.10.25"]
[Round "4"]
[White "Gardi, Giuseppe"]
[Black "Sukaylo, Aleksey"]
[Result "1/2-1/2"]
[WhiteElo "2028"]
[BlackElo "1884"]
[PlyCount "29"]
[EventDate "2011.10.22"]

1. d4 f5 2. Nf3 Nf6 3. g3 g6 4. Bg2 Bg7 5. O-O O-O 6. b4 d6 7. Bb2 a5 8. a3
axb4 9. axb4 Rxa1 10. Bxa1 Qe8 11. Nbd2 Nbd7 12. c4 e5 13. dxe5 Nxe5 14. e3 b6
15. Qc2 1/2-1/2

[Event "XXXIII Festival A"]
[Site "Arco ITA"]
[Date "2011.10.25"]
[Round "4"]
[White "Giaracuni, Claudio"]
[Black "Bruno, Elio"]
[Result "1-0"]
[WhiteElo "1830"]
[BlackElo "1641"]
[PlyCount "63"]
[EventDate "2011.10.22"]

1. d4 Nf6 2. Nf3 g6 3. Bf4 Bg7 4. e3 O-O 5. c4 d5 6. Nc3 Bg4 7. Be2 Bxf3 8.
Bxf3 dxc4 9. Bxb7 Nbd7 10. Bxa8 Qxa8 11. O-O c5 12. Qf3 Qc8 13. Nd5 Nxd5 14.
Qxd5 cxd4 15. exd4 Nb6 16. Qe4 f5 17. Qxe7 Re8 18. Qxa7 Bxd4 19. Be3 Bxe3 20.
fxe3 Qc5 21. Rae1 Ra8 22. Qb7 Rxa2 23. Qb8+ Kg7 24. Rf2 Nd5 25. Qe5+ Kh6 26.
Rd2 Ra5 27. h4 Qb4 28. Red1 Nb6 29. Qf6 Qb3 30. Qg5+ Kg7 31. Rd7+ Nxd7 32.
Rxd7+ 1-0

[Event "XXXIII Festival A"]
[Site "Arco ITA"]
[Date "2011.10.25"]
[Round "4"]
[White "Goli, Daniele"]
[Black "Knitl, Anton"]
[Result "0-1"]
[WhiteElo "1941"]
[BlackElo "2188"]
[PlyCount "122"]
[EventDate "2011.10.22"]

1. e4 c5 2. Nf3 Nc6 3. c3 d5 4. exd5 Qxd5 5. d3 Nf6 6. Be2 g6 7. Na3 Bg7 8. Nc4
O-O 9. O-O b6 10. Qc2 Bb7 11. Re1 Rac8 12. a4 h6 13. h3 Rfd8 14. Bf4 Qf5 15.
Bg3 g5 16. Nfe5 h5 17. Qd1 h4 18. Bh2 Nxe5 19. Nxe5 e6 20. Bf1 Nd5 21. Qg4 Qxg4
22. hxg4 Ne7 23. Nc4 Rc6 24. Re3 Nd5 25. Ree1 Nf6 26. Ne5 Rcc8 27. Rad1 Ba6 28.
g3 hxg3 29. Bxg3 Bb7 30. Bg2 Bxg2 31. Kxg2 Rd5 32. Kf1 Ne8 33. Nf3 Bf6 34. Be5
Rcd8 35. Bxf6 Nxf6 36. Ne5 Kg7 37. Re3 Rc8 38. Ke2 Rh8 39. Ra1 Rh4 40. c4 Rd6
41. Rg3 a5 42. Rag1 Nh7 43. Nf3 Rh6 44. R1g2 f6 45. Nd2 Nf8 46. Ne4 Rd4 47. f4
Ng6 48. fxg5 fxg5 49. Rf2 Nf4+ 50. Kd2 Kg6 51. Nc3 Rd7 52. Ne2 Rf7 53. Rgf3 e5
54. Re3 Nxe2 55. Rxf7 Kxf7 56. Rxe2 Ke6 57. Ke3 Rh3+ 58. Kd2 Rg3 59. Rh2 Rxg4
60. Rh6+ Kf5 61. Rxb6 e4 0-1

[Event "XXXIII Festival A"]
[Site "Arco ITA"]
[Date "2011.10.25"]
[Round "4"]
[White "Hocke, Sebastian"]
[Black "Buck, Klaus-Michael"]
[Result "1-0"]
[WhiteElo "1904"]
[BlackElo "1813"]
[PlyCount "39"]
[EventDate "2011.10.22"]

1. e4 e6 2. d4 d5 3. e5 c5 4. c3 Nc6 5. Nf3 cxd4 6. cxd4 Bb4+ 7. Nc3 Nge7 8.
Bd3 O-O 9. Bxh7+ Kh8 10. Bd3 Nf5 11. a3 Be7 12. O-O Ncxd4 13. Nxd4 g6 14. Bxf5
exf5 15. Qf3 Bc5 16. Nb3 Bb6 17. Nxd5 Be6 18. Nf6 Re8 19. Qh3+ Kg7 20. Qh6# 1-0